| 000 | 00396nam a2200169 a 4500 | ||
|---|---|---|---|
| 005 | 20140414131914.0 | ||
| 008 | 040128s19uu xx 00 eng d | ||
| 020 | _a | ||
| 050 |
_aER _bT55 1999 |
||
| 100 | _aHogan, Mary | ||
| 245 |
_aToy story : _cby Mary Hogan. _bWoody / |
||
| 260 |
_bDisney Enterprises, _c1999. |
||
| 300 | _ap. ; cm. | ||
| 440 | _a | ||
| 650 |
_a _x |
||
| 999 |
_c111349 _d111349 |
||